000 01433nam a2200289 i 4500
001 bg
245 0 0 _aBezpieczeństwo maszyn [Dokument elektroniczny] :
_bdyrektywa 98/37/WE /
_cprzygot. plików PDF Jarosław Dobosz, Stanisław Romański ; Polski Komitet Normalizacyjny.
250 _awg stanu bazy CEN na dzień 30 marca 2001 r.
260 _aWarszawa :
_bBiuro PKN,
_ccop. 2001.
300 _a1 dysk optyczny (CD-ROM).
490 1 _aPolskie normy zharmonizowane z dyrektywami nowego podejścia Wspólnot Europejskich
500 _aWymagania systemowe: komputer zgodny z IBM PC z procesorem 486 lub Pentium; 10 MB RAM(zalecane 16 MB)-dla Windows 95 i 98, 16 MB RAM (zalecane 24 MB)-dla Windows NT, min. 10 MB wolnego miejsca na dysku twardym ; Windows 95, Windows 98 lub Windows 98 lub Windows NT 4.0 z Service Pack 3 lub późn.; program Acrobat Reader 4.05.
500 _aDysk tylko do odczytu.
650 9 _aMaszyny
_xbezpieczeństwo
_xnormalizacja
_zPolska
700 1 _aDOBOSZ, Jarosław.
_eOprac.
700 1 _aROMAŃSKI, Stanisław.
_eOprac.
710 0 _aPolski Komitet Normalizacyjny
830 _aPolskie normy zharmonizowane z dyrektywami nowego podejścia Wspólnot Europejskich
020 _a8386629983
040 _cBPK
041 0 _apl
080 _a621:006.3/.8
920 _a83-86629-98-3
942 _cCD
008 s pl f |000 0 pol
999 _c24017
_d24017
856 _uhttp://koha.tu.koszalin.pl/cgi-bin/koha/opac-detail.pl?biblionumber=24017
_yKatalog online BPK